Seguridad e higiene del trabajo : técnicas de prevención de riesgos laborales /

Tras una sección inicial dedicada a definir la seguridad e higiene laboral y lo que la legislación establece al respecto, la obra presenta detalladamente la evaluación de distintos tipos de riesgos laborales, las medidas para prevenirlos y la forma de actuar en caso de producirse accidentes.

Na minha lista:
Detalhes bibliográficos
Autor principal: Cortés Díaz, José María (autor)
Formato: Livro
Idioma:espanhol
Publicado em: México : Alfaomega : Tébar, 2001, c2001
Edição:3a edición
Assuntos:
Tags: Adicionar Tag
Sem tags, seja o primeiro a adicionar uma tag!

MARC

LEADER 00000nam^a2200000^a^4500
001 000125078
005 20250521000000.0
009 20260310094636.168
020 |a 970-15-0285-X 
037 |a Acervo ITESO - Biblioteca 
041 |a ESP 
082 |a 620. 86  |b COR 
100 |a Cortés Díaz, José María  |e (autor) 
240 1 1 |a [Técnicas de prevención de riesgos laborales] 
245 1 0 |a Seguridad e higiene del trabajo :  |b técnicas de prevención de riesgos laborales /  |c J.M. Cortés Díaz ; pról. de Antonio Márquez Moreno. 
250 |a 3a edición 
264 4 |a México :  |b Alfaomega :  |b Tébar,  |c 2001, c2001 
300 |a 631 p. 
336 |a texto  |b txt  |2 rdacontenido 
337 |a sin mediación  |b n  |2 rdamedio 
338 |a volumen  |b nc  |2 rdasoporte 
520 |a Tras una sección inicial dedicada a definir la seguridad e higiene laboral y lo que la legislación establece al respecto, la obra presenta detalladamente la evaluación de distintos tipos de riesgos laborales, las medidas para prevenirlos y la forma de actuar en caso de producirse accidentes. 
649 |a XX 
650 |a Riesgos y Accidentes Laborales -  |x Tema Principal 
650 |a Seguridad Industrial 
650 |a Normalización y Certificación 
650 |a Ergonomía 
650 |a Recursos Humanos 
650 |a Medicina Laboral 
650 |a Ingeniería Industrial 
650 |a Ciencias Administrativas 
910 |a Fondo General 
920 |a Impresos - Libros 
930 |a Colección General 
905 |a 101 
901 |a 0500100615  |b IT1  |c ACC  |u 20250521 
901 |a 0500100612  |b IT1  |c ACC  |u 20250521 
902 |a https://opac.biblio.iteso.mx/vufind/Record/000125078